[Event "Kanoni Easter op 1st"]
[Site "Kanoni"]
[Date "2019.05.03"]
[Round "6"]
[White "Harokopakis, Georgios"]
[Black "Markidis, Konstantinos"]
[Result "0-1"]
[WhiteElo "2009"]
[BlackElo "2274"]
[PlyCount "49"]
[EventDate "2019.04.29"]
[EventType "swiss"]
[EventRounds "9"]
[EventCountry "GRE"]
[SourceTitle "CBM 190 Extra"]
[Source "ChessBase"]
[SourceDate "2019.07.15"]
[SourceVersion "1"]
[SourceVersionDate "2019.07.15"]
[SourceQuality "1"]

1. e4 e5 2. Nf3 Nc6 3. Bb5 a6 4. Ba4 Nf6 5. 0-0 Be7 6. Re1 b5 7. Bb3 d6 8. c3 0-0 9. h3 Na5 10. Bc2 c5 11. d4 Nd7 12. b3 exd4 13. cxd4 Nc6 14. Bb2 Re8 15. Nc3 Nb6 16. dxc5 dxc5 17. Qxd8 Bxd8 18. Nd5 Be6 19. Rad1 Rc8 20. Nf4 Bd7 21. Nh5 f6 22. e5 Nd4 23. Nxd4 cxd4 24. Bd3 fxe5 25. Rd2 0-1

[Event "Peristeri Christmas op"]
[Site "Peristeri"]
[Date "2015.12.26"]
[Round "3.2"]
[White "Krallis, Christos"]
[Black "Harokopakis, Georgios"]
[Result "1-0"]
[WhiteElo "1881"]
[BlackElo "1993"]
[PlyCount "105"]
[EventDate "2015.12.22"]
[EventType "swiss"]
[EventRounds "7"]
[EventCountry "GRE"]
[SourceTitle "EXT 2024"]
[Source "ChessBase"]
[SourceDate "2023.10.10"]
[SourceVersion "1"]
[SourceVersionDate "2023.10.10"]
[SourceQuality "1"]

1. c4 e5 2. g3 Bc5 3. Bg2 Nf6 4. Nc3 0-0 5. e3 Qe7 6. Nge2 e4 7. f3 exf3 8. Bxf3 d6 9. d4 Bb6 10. 0-0 c6 11. Nf4 Re8 12. Re1 Nbd7 13. a4 Ba5 14. e4 Nf8 15. Rb1 Ng6 16. b4 Bc7 17. Qe2 Nxf4 18. Bxf4 a5 19. b5 Bb6 20. Be3 c5 21. dxc5 dxc5 22. Bf4 Be6 23. e5 Nd7 24. Bxb7 Ra7 25. Bg2 Nf8 26. Be4 Ng6 27. Bxg6 hxg6 28. Rbd1 Rd7 29. Rxd7 Qxd7 30. Rd1 Qc8 31. Qe4 Bg4 32. Rd6 Bc7 33. Rc6 Qd8 34. Nd5 Bb8 35. h4 Bd7 36. Bg5 f6 37. Nxf6+ Kf7 38. Qd5+ Be6 39. Rxe6 Qxd5 40. cxd5 gxf6 41. Rxf6+ Kg7 42. e6 Be5 43. Rf7+ Kg8 44. Bf6 Bxf6 45. Rxf6 c4 46. Rxg6+ Kf8 47. Rf6+ Ke7 48. Rf7+ Kd6 49. Rd7+ Ke5 50. Kf2 Kd4 51. Ke2 c3 52. e7 c2 53. Kd2 1-0

[Event "Pozarevac-ch"]
[Site "Pozarevac"]
[Date "2014.12.28"]
[Round "5"]
[White "Harokopakis, Georgios"]
[Black "Milosevic, Jovana"]
[Result "1-0"]
[WhiteElo "1962"]
[BlackElo "2124"]
[PlyCount "127"]
[EventDate "2014.12.26"]
[EventType "swiss"]
[EventRounds "5"]
[EventCountry "SRB"]
[SourceTitle "CBM 164 Extra"]
[Source "ChessBase"]
[SourceDate "2015.03.02"]
[SourceVersion "1"]
[SourceVersionDate "2015.03.02"]
[SourceQuality "1"]

1. e4 d6 2. d4 Nf6 3. Nc3 e5 4. Nge2 Nbd7 5. g3 Be7 6. Bg2 0-0 7. 0-0 c6 8. h3 Re8 9. Be3 Bf8 10. g4 exd4 11. Bxd4 Qa5 12. f4 h6 13. Ng3 Nh7 14. Qf3 Nc5 15. Rad1 Ne6 16. Bf2 Nc7 17. b3 f6 18. Nge2 Be6 19. Bg3 Rad8 20. h4 d5 21. e5 fxe5 22. fxe5 Qb4 23. Bf4 Bc5+ 24. Kh2 Rf8 25. Na4 Be7 26. a3 Qe4 27. Qxe4 dxe4 28. Kg3 Bxa3 29. Nd4 Be7 30. c4 Bxh4+ 31. Kxh4 g5+ 32. Kg3 gxf4+ 33. Rxf4 Rxf4 34. Kxf4 b5 35. Nc5 Ng5 36. Bxe4 Nxe4 37. Nxe4 bxc4 38. bxc4 Bxc4 39. Nd6 Ne6+ 40. Nxe6 Bxe6 41. Rh1 Rb8 42. Rxh6 Rb4+ 43. Kg5 Bxg4 44. Rf6 Bd7 45. Rf2 a5 46. Nf5 Kf7 47. Rd2 Ke8 48. Rh2 Bxf5 49. Kxf5 c5 50. Kf6 Rb1 51. Rh8+ Kd7 52. e6+ Kc6 53. e7 Re1 54. e8Q+ Rxe8 55. Rxe8 Kb5 56. Ke5 Kb4 57. Kd5 a4 58. Re4+ Kb3 59. Re3+ Kb2 60. Re2+ Kb3 61. Re3+ Kb2 62. Kc4 a3 63. Re2+ Kb1 64. Kb3 1-0

[Event "Skopje Karposh op"]
[Site "Skopje"]
[Date "2011.04.04"]
[Round "4"]
[White "Harokopakis, Georgios"]
[Black "Djukic, Sandra"]
[Result "0-1"]
[WhiteElo "1990"]
[BlackElo "2177"]
[PlyCount "116"]
[EventDate "2011.04.02"]
[EventType "swiss"]
[EventRounds "9"]
[EventCountry "MKD"]
[SourceTitle "CBM 141 Extra"]
[Source "ChessBase"]
[SourceDate "2011.05.03"]
[SourceVersion "1"]
[SourceVersionDate "2011.05.03"]
[SourceQuality "1"]

1. e4 d6 2. d4 Nf6 3. Nc3 e5 4. Nf3 Nbd7 5. Bc4 h6 6. Be3 Be7 7. Qd2 c6 8. a4 Ng4 9. Ne2 exd4 10. Bxd4 Nge5 11. Nxe5 dxe5 12. Be3 Nf6 13. Qxd8+ Bxd8 14. f3 a5 15. Nc1 Bc7 16. Bc5 b6 17. Ba3 Rb8 18. b4 axb4 19. Bxb4 Ra8 20. Nb3 c5 21. Bb5+ Bd7 22. Bc3 Ke7 23. 0-0-0 g5 24. Kb2 Rhg8 25. Nd2 Be6 26. Nf1 Rgd8 27. Ne3 Rd4 28. Rde1 Kf8 29. Bc6 Rc8 30. Nf5 Bxf5 31. exf5 Rf4 32. Be4 Nxe4 33. fxe4 Rf2 34. g4 Ra8 35. Rd1 Ke7 36. Kb3 c4+ 37. Kxc4 Rxa4+ 38. Bb4+ Bd6 39. c3 Bxb4 40. cxb4 Rb2 41. Rd5 Rbxb4+ 42. Kc3 Rxe4 43. Rhd1 Rxg4 44. Rxe5+ Kf6 45. Rb5 Rac4+ 46. Kb3 Rc6 47. Rd3 Rh4 48. Rd2 Rf4 49. Rd7 Rxf5 50. Rxf7+ Kxf7 51. Rxf5+ Kg6 52. Rf3 g4 53. Rg3 Kg5 54. h3 h5 55. Rd3 Kh4 56. hxg4 hxg4 57. Kb4 g3 58. Rd8 Rg6 0-1

[Event "Skopje Karposh op"]
[Site "Skopje"]
[Date "2011.04.02"]
[Round "1"]
[White "Nestorovic, Nikola"]
[Black "Harokopakis, Georgios"]
[Result "1-0"]
[WhiteElo "2464"]
[BlackElo "1990"]
[PlyCount "49"]
[EventDate "2011.04.02"]
[EventType "swiss"]
[EventRounds "9"]
[EventCountry "MKD"]
[SourceTitle "CBM 141 Extra"]
[Source "ChessBase"]
[SourceDate "2011.05.03"]
[SourceVersion "1"]
[SourceVersionDate "2011.05.03"]
[SourceQuality "1"]

1. e4 e6 2. d4 d5 3. Nc3 Nf6 4. Bg5 dxe4 5. Nxe4 Nbd7 6. Nf3 h6 7. Nxf6+ Nxf6 8. Be3 Nd5 9. Bd3 Bd6 10. Bd2 c5 11. Qe2 cxd4 12. Nxd4 0-0 13. c4 e5 14. Nb5 Nb4 15. Be4 f5 16. c5 fxe4 17. Bxb4 Bb8 18. Qc4+ Kh8 19. c6 bxc6 20. Bxf8 Qxf8 21. Qxc6 Qb4+ 22. Qc3 Qxb5 23. Qxc8+ Kh7 24. 0-0-0 a5 25. Qf5+ 1-0

[Event "Glyfada New Year op"]
[Site "Glyfada"]
[Date "2011.01.08"]
[Round "6"]
[White "Vlastos, Alexandros"]
[Black "Harokopakis, Georgios"]
[Result "0-1"]
[WhiteElo "1638"]
[BlackElo "2000"]
[PlyCount "64"]
[EventDate "2011.01.02"]
[EventType "swiss"]
[EventRounds "7"]
[EventCountry "GRE"]
[SourceTitle "EXT 2024"]
[Source "ChessBase"]
[SourceDate "2023.10.10"]
[SourceVersion "1"]
[SourceVersionDate "2023.10.10"]
[SourceQuality "1"]

1. e4 g6 2. d4 Bg7 3. f4 d6 4. e5 c5 5. c3 dxe5 6. fxe5 Nh6 7. Bg5 cxd4 8. cxd4 0-0 9. Qd2 Nf5 10. Nf3 Nc6 11. Nc3 Nfxd4 12. 0-0-0 Nxf3 13. Qxd8 Rxd8 14. Rxd8+ Nxd8 15. gxf3 f6 16. Bh4 Be6 17. Bg2 Nc6 18. f4 Bh6 19. exf6 Bxf4+ 20. Kb1 g5 21. Nd5 Bf5+ 22. Ka1 gxh4 23. Nxf4 e6 24. Rf1 Kf7 25. Nd5 Rg8 26. Ne3 Kxf6 27. Nxf5 exf5 28. Bh3 Rg5 29. Kb1 Ne5 30. Kc2 h5 31. Rf2 Ng4 32. Rd2 f4 0-1

[Event "Bansko op"]
[Site "Bansko"]
[Date "2010.12.14"]
[Round "3"]
[White "Harokopakis, Georgios"]
[Black "Gvetadze, Sofio"]
[Result "0-1"]
[WhiteElo "1984"]
[BlackElo "2350"]
[PlyCount "110"]
[EventDate "2010.12.13"]
[EventType "swiss"]
[EventRounds "9"]
[EventCountry "BUL"]
[SourceTitle "CBM 139 Extra"]
[Source "ChessBase"]
[SourceDate "2011.01.05"]
[SourceVersion "1"]
[SourceVersionDate "2011.01.05"]
[SourceQuality "1"]

1. e4 Nf6 2. Nc3 d5 3. e5 Nfd7 4. d4 e6 5. f4 c5 6. Nf3 Nc6 7. g3 Qb6 8. Ne2 cxd4 9. Nexd4 Bc5 10. c3 0-0 11. Rb1 Nxd4 12. cxd4 Be7 13. Bd3 Nb8 14. Be3 Bd7 15. 0-0 Bb5 16. f5 exf5 17. Bxb5 Qxb5 18. Ng5 Qd7 19. Qh5 Bxg5 20. Qxg5 Nc6 21. Rxf5 h6 22. Qf4 Ne7 23. Rh5 f6 24. Bd2 Ng6 25. Qf5 Qxf5 26. Rxf5 fxe5 27. Rxf8+ Rxf8 28. Rc1 exd4 29. Rc5 Rf5 30. Rc8+ Kh7 31. Rc7 Ne5 32. Bf4 d3 33. Kf2 d4 34. h3 Ng6 35. Ke1 h5 36. Kd2 h4 37. Rxb7 a5 38. Rb3 Nxf4 39. gxf4 Rxf4 40. Rxd3 g5 41. a3 a4 42. b3 axb3 43. Rxb3 Rf2+ 44. Kc1 Kg6 45. a4 Ra2 46. Rb4 Ra3 47. Rxd4 Rxh3 48. Kb2 Re3 49. Rd6+ Kh5 50. a5 h3 51. a6 Re7 52. Kc3 h2 53. Rd8 Kh4 54. Kd3 Kg3 55. Rh8 Kg2 0-1

[Event "Thessaloniki op"]
[Site "Thessaloniki"]
[Date "2010.04.06"]
[Round "3"]
[White "Harokopakis, Georgios"]
[Black "Bezgodov, Alexei"]
[Result "0-1"]
[WhiteElo "1987"]
[BlackElo "2497"]
[PlyCount "48"]
[EventDate "2010.04.04"]
[EventType "swiss"]
[EventRounds "9"]
[EventCountry "GRE"]
[SourceTitle "CBM 135 Extra"]
[Source "ChessBase"]
[SourceDate "2010.05.04"]
[SourceVersion "1"]
[SourceVersionDate "2010.05.04"]
[SourceQuality "1"]

1. e4 e5 2. Nf3 Nc6 3. Bb5 Nf6 4. 0-0 Nxe4 5. Qe2 Nf6 6. d4 e4 7. d5 Be7 8. dxc6 exf3 9. cxd7+ Nxd7 10. Qxf3 c6 11. Be2 0-0 12. Rd1 Bg5 13. Nc3 Bxc1 14. Raxc1 Qb6 15. Ne4 Qxb2 16. c3 Qa3 17. Qh5 Qe7 18. Bd3 g6 19. Qh6 Ne5 20. Ng5 f6 21. Re1 Qg7 22. Qh4 fxg5 23. Qxg5 Nxd3 24. Re7 Qf6 0-1

[Event "GRE-ch U20"]
[Site "Greece"]
[Date "2009.01.07"]
[Round "8"]
[White "Harokopakis, Georgios"]
[Black "Stathopoulos, Ioannis"]
[Result "1-0"]
[WhiteElo "1885"]
[BlackElo "1799"]
[PlyCount "51"]
[EventDate "2009.01.02"]
[EventType "swiss"]
[EventRounds "9"]
[EventCountry "GRE"]
[SourceTitle "EXT 2011"]
[Source "ChessBase"]
[SourceDate "2010.11.26"]
[SourceVersion "1"]
[SourceVersionDate "2010.11.26"]
[SourceQuality "1"]

1. e4 c6 2. d4 d5 3. Nc3 dxe4 4. Nxe4 Nf6 5. Nxf6+ gxf6 6. c3 Bf5 7. Nf3 e6 8. g3 Qc7 9. Bg2 Nd7 10. 0-0 0-0-0 11. b4 Be7 12. a4 Be4 13. Re1 f5 14. Bf1 c5 15. bxc5 Nxc5 16. Ne5 f6 17. Nf7 Rhf8 18. Nxd8 Rxd8 19. f3 Bc6 20. Qe2 Nxa4 21. Qxe6+ Bd7 22. Qxe7 Re8 23. Qxe8+ Bxe8 24. Rxe8+ Kd7 25. Bb5+ Kd6 26. Bf4+ 1-0

[Event "Glyfada Christmas op"]
[Site "Glyfada"]
[Date "2007.12.26"]
[Round "4"]
[White "Nikolaidis, Konstantinos"]
[Black "Harokopakis, Georgios"]
[Result "1-0"]
[WhiteElo "2314"]
[BlackElo "1842"]
[PlyCount "75"]
[EventDate "2007.12.21"]
[EventType "swiss"]
[EventRounds "7"]
[EventCountry "GRE"]
[SourceTitle "EXT 2024"]
[Source "ChessBase"]
[SourceDate "2023.10.10"]
[SourceVersion "1"]
[SourceVersionDate "2023.10.10"]
[SourceQuality "1"]

1. d4 d5 2. c4 dxc4 3. Nf3 Nf6 4. e3 e6 5. Bxc4 c5 6. 0-0 a6 7. Bb3 b6 8. Qe2 Bb7 9. Rd1 Nbd7 10. Nc3 Qb8 11. e4 cxd4 12. Nxd4 Bd6 13. h3 0-0 14. Bc2 Rd8 15. Be3 Qc7 16. Rac1 Rac8 17. Bb1 Qb8 18. a3 Kh8 19. Kh1 h6 20. g4 Nc5 21. f3 a5 22. Kg2 Bf4 23. Bc2 h5 24. Qf2 hxg4 25. hxg4 g5 26. Nde2 e5 27. Nxf4 exf4 28. Bd4 Ncd7 29. Rh1+ Kg7 30. Rh5 Ne5 31. Rxg5+ Ng6 32. e5 Kh6 33. Rxg6+ fxg6 34. exf6 Kh7 35. Qh4+ Kg8 36. f7+ Kxf7 37. Qf6+ Ke8 38. Re1+ 1-0

[Event "Nikaia Fysiolatriko op 05th"]
[Site "Nikaia"]
[Date "2007.06.17"]
[Round "1"]
[White "Harokopakis, Georgios"]
[Black "Kotrotsos, Vasilios"]
[Result "0-1"]
[WhiteElo "1530"]
[BlackElo "2250"]
[PlyCount "82"]
[EventDate "2007.06.17"]
[EventType "swiss"]
[EventRounds "7"]
[EventCountry "GRE"]
[SourceTitle "EXT 2008"]
[Source "ChessBase"]
[SourceDate "2007.11.25"]
[SourceVersion "1"]
[SourceVersionDate "2007.11.25"]
[SourceQuality "1"]

1. e4 c5 2. Nf3 d6 3. d4 cxd4 4. Nxd4 Nf6 5. Nc3 a6 6. Bg5 e6 7. f4 Qc7 8. Qf3 b5 9. 0-0-0 b4 10. Nd5 exd5 11. Bxf6 gxf6 12. exd5 Bg7 13. Re1+ Kf8 14. f5 Bb7 15. Qe4 Qd8 16. Nc6 Bxc6 17. dxc6 Bh6+ 18. Kb1 Qc7 19. Bc4 Nxc6 20. g4 Kg7 21. g5 Bxg5 22. h4 Rae8 23. Qg2 Rxe1+ 24. Rxe1 h6 25. Rh1 Ne5 26. Bxa6 Qc6 27. Qxc6 Nxc6 28. hxg5 fxg5 29. Be2 Ne5 30. Bh5 Kf6 31. Rd1 g4 32. Rxd6+ Kg5 33. Rd5 Re8 34. Bxg4 Nxg4 35. Kc1 Re1+ 36. Kd2 Rd1+ 37. Kxd1 Ne3+ 38. Ke2 Nxd5 39. Kd3 h5 40. c4 bxc3 41. bxc3 h4 0-1

[Event "GRE-ch U14"]
[Site "Chania"]
[Date "2003.04.22"]
[Round "4"]
[White "Harokopakis, Georgios"]
[Black "Islakoglou, Grigorios"]
[Result "0-1"]
[WhiteElo "1065"]
[BlackElo "1440"]
[PlyCount "50"]
[EventDate "2003.04.??"]
[EventType "swiss"]
[EventRounds "7"]
[EventCountry "GRE"]
[SourceTitle "EXT 2005"]
[Source "ChessBase"]
[SourceDate "2004.11.15"]
[SourceVersion "1"]
[SourceVersionDate "2004.11.15"]
[SourceQuality "1"]

1. e4 c5 2. Nf3 Nc6 3. d4 cxd4 4. Nxd4 Qc7 5. Nc3 Nf6 6. Be3 a6 7. Qd2 e6 8. 0-0-0 Be7 9. Bf4 d6 10. Bc4 Nxd4 11. Qxd4 e5 12. Bb5+ axb5 13. Nxb5 Qc6 14. Nxd6+ Qxd6 15. Bxe5 Qxd4 16. Rxd4 Rxa2 17. Kb1 Be6 18. Rhd1 0-0 19. R1d3 Raa8 20. Rg3 Rad8 21. Bxf6 Bxf6 22. Rxd8 Rxd8 23. Kc1 Bh4 24. Rc3 Bg5+ 25. Kb1 Rd1# 0-1